| 000 | 01356nam a2200181Ia 4500 | ||
|---|---|---|---|
| 001 | 6540 | ||
| 008 | 260430s9999 xx 000 0 und d | ||
| 245 | 0 |
_aBlack Friday/ _cKent Klich in collaboration with Amnesty International and Forensic Architecture |
|
| 260 |
_bKEHRER; _c2015 |
||
| 300 |
_a90p; _c16x12cm |
||
| 520 | _aBlack Friday documents one of the deadliest days for Gaza — August 1st, when over 130 Palestinians, mostly civilians, were killed by Israeli forces in Rafah. The violence followed the suspected abduction of an Israeli soldier, triggering the controversial “Hannibal procedure,” a military protocol that unleashed intense bombardment with over 2,000 bombs and shells in a single day, leaving no time to evacuate civilians. This event was part of Operation Protective Edge, a 50-day Israeli military campaign that killed over 2,000 Palestinians, including 539 children, and caused widespread destruction. After Gaza Photo Album (2009) and Killing Time (2013), Black Friday is the third part of the artists Kent Klich's ongoing depiction of life in Gaza. Text: Kent Klich, Amnesty International and Forensic Architecture. | ||
| 546 | _aEnglish | ||
| 650 |
_aIsraeli Occupation _95811 |
||
| 650 | _aTR624-835 Technology- Applied Photography | ||
| 651 |
_aPalestine _zGaza _93379 |
||
| 655 |
_aDocumentary _99374 |
||
| 942 | _cBK | ||
| 999 |
_c6540 _d6540 |
||